| 000 | 00841cam a2200181 4500 | ||
|---|---|---|---|
| 001 | ##WS135157 | ||
| 008 | 061002n 000 0 eng u | ||
| 035 | _a(Sirsi) u135157 | ||
| 041 | 0 | _aeng | |
| 110 | 2 |
_aEuropean Commission _92292 |
|
| 245 | 0 | 0 | _aRural development policy 2007-2013 |
| 520 | _aProvides links to the key documents covering EU rural development policy in the period 2007-13 including the six strategic guidelines and the relevant Council Regulation on support for rural development by the European Agricultural Fund for Rural Development. | ||
| 590 | _aIKA031006 | ||
| 651 | 4 | _aEUROPEAN UNION | |
| 690 | _aPROPERTY-RURAL AND NATURAL ASSETS-RURAL AND NATURAL ASSET DEVELOPMENT | ||
| 856 |
_uhttps://ec.europa.eu/agriculture/rurdev/index_en.htm _zView the web pages free of charge at http://ec.europa.eu... |
||
| 942 | _n0 | ||
| 999 |
_c120521 _d120521 |
||